00882nam a2200205 a 450000100100000000500170001000800410002704000250006808200130009310000510010624501180015726000380027530000280031350400320034158601180037370000420049104900090053395201170054299900170065900002467720200930023314.0110202s1978 ag a r 000 0 spa d aDO-SdBNPbspacBNPHU ann*bnn*1 aDíaz Soto de Mazzei, María Leticia.95060113aLa historia de la medicina y el arte /cMaría Leticia Díaz Soto de Mazzei ; prólogo de Argentino Landaburu. aBuenos Aires :bEl Ateneo,c1978. a140 p. :bil. ;c22 cm. aBibliografía : 137-140 p. aLaureado con el "premio Dr. Aníbal Ruiz Moreno" de la Sociedad Argentina de Antropología e Historia Médicas1 aLandaburu, Argentino,epról.950602 aBNGR 001054708MOaGRbGRcCTd2011-02-02iLF1l0onn* nn*p24677-10r2020-06-25w2020-06-25y4ZPréstamo en sala c24170d24170